| 000 | 00841aam a2200313 4500 | ||
|---|---|---|---|
| 005 | 20230904094928.0 | ||
| 008 | 150626b2012 xxu||||| |||| 00| 0 spa d | ||
| 020 | _a9789968462006 | ||
| 041 | _aESP | ||
| 082 | _a302.01 G643t | ||
| 100 |
_aGonzález Suárez, Mirta _926734 |
||
| 100 | _aDobles Oropeza, Ignacio | ||
| 245 | _aTeorías psicosociales | ||
| 260 |
_aCosta Rica _bEUCR _c2012 |
||
| 300 | _a316 páginas | ||
| 650 | _aPSICOLOGÍA SOCIAL | ||
| 650 | _aTEORÍAS | ||
| 650 | _aPSICOANÁLISIS | ||
| 650 | _aMATERIALISMO | ||
| 650 | _aFEMINISMO | ||
| 650 | _aHUMANISMO | ||
| 650 | _aLIBERTAD | ||
| 650 | _aCONDUCTA | ||
| 650 | _aPSICOLOGÍA | ||
| 650 | _aMODIFICACIÓN DE LA CONDUCTA | ||
| 650 | _aRELACIONES HUMANAS | ||
| 650 | _aPSICOLOGÍA AMBIENTAL | ||
| 942 |
_cBK _2ddc |
||
| 999 |
_c3138 _d3138 |
||